| 000 | 01069cam a2200289 a 4500 | ||
|---|---|---|---|
| 001 | 576 | ||
| 005 | 20231211150312.0 | ||
| 020 | _a1562822845 | ||
| 020 | _a1562822853 (lib. bdg.) | ||
| 040 |
_aDLC _cDLC _dDLC _dOCoLC |
||
| 050 | 0 | 0 |
_aPZ7.D7287 _bMo 1992 |
| 082 | 0 | 0 |
_a[Fic] _220 |
| 100 | 1 | _aDorris, Michael. | |
| 245 | 1 | 0 |
_aMorning Girl / _cMichael Dorris. |
| 260 |
_aNew York : _bHyperion Books for Children, _c1992. |
||
| 300 |
_a74 pages ; _c20 cm. |
||
| 505 | _aU | ||
| 520 | _aMorning Girl, who loves the day, and her younger brother Star Boy, who loves the night, take turns describing their life on an island in pre-Columbian America; in Morning Girl's last narrative, she witnesses the arrival of the first Europeans to her world. | ||
| 521 | _aDOR Fic PZ7.D72 | ||
| 650 | 0 |
_aArawak Indians _xJuvenile fiction. |
|
| 650 | 1 |
_aArawak Indians _xFiction. |
|
| 650 | 1 |
_aIndians of the West Indies _xFiction. |
|
| 650 | 1 |
_aSiblings _xFiction. |
|
| 655 | 7 |
_aHistorical fiction. _2gsafd |
|
| 906 |
_a7 _bcbc _corignew _d1 _eocip _f19 _gy-gencatlg |
||
| 942 |
_2ddc _cBK _n0 |
||
| 999 |
_c576 _d576 |
||